000 00557nam a2200181 a 4500
001 000016333
005 20200929164357.0
008 100303s1995 dr a 001 0 spa d
020 _a0929441702
040 _aDO-SdBNP
_bspa
_cBNPHU
082 _axxx
_bV181c
100 1 _aValle Rivera, Rafael
_936440
245 1 0 _aCómo combatir la vejez /
_cRafael Valle Rivera.
260 _aSan Juan (Puerto Rico) :
_bPublicaciones Puertorriqueña
_fCorripio
_c1995.
300 _a93 p. :
_bil. ;
_c22 cm.
504 _aIncluye bibliografías [p. 90-93]
049 _aBNPD
999 _c15868
_d15868